Contemporary communication systems using MATLAB and Simulink
محفوظ في:
| المؤلفون الرئيسيون: | , , |
|---|---|
| التنسيق: | كتاب |
| اللغة: | الإنجليزية |
| منشور في: |
Cencage Learning
2004
|
| الطبعة: | 2a. ed |
| سلاسل: | BookWare Companion Series
|
| الموضوعات: | |
| الوسوم: |
إضافة وسم
لا توجد وسوم, كن أول من يضع وسما على هذه التسجيلة!
|
MARC
| LEADER | 00000cam a2200000 a 4500 | ||
|---|---|---|---|
| 001 | UCG8831 | ||
| 003 | CL-VaPUC | ||
| 008 | 120106e20040000US |||||||||||||||||eng|d | ||
| 020 | |a 9780534406172 | ||
| 082 | 0 | 4 | |a 621.382 |b PRO |2 21 |
| 100 | 0 | |a Proakis, John G |e author |9 560033 | |
| 700 | 0 | |a Salehi, Masoud |e author |9 560034 | |
| 700 | 0 | |a Bauch, Gerhard |e author |9 560035 | |
| 245 | 1 | 0 | |a Contemporary communication systems using MATLAB and Simulink |
| 250 | |a 2a. ed | ||
| 300 | |a 487 p | ||
| 942 | |c BK | ||
| 945 | |d 20120106 00:00:00 |a cmena | ||
| 260 | |b Cencage Learning |c 2004 | ||
| 650 | 0 | |a Sistemas de comunicación |9 260934 | |
| 650 | 0 | |a Comunicación digital |9 260754 | |
| 650 | 7 | |a TRANSMISION DE DATOS |2 CL-VaPUC |9 460472 | |
| 650 | 7 | |a MATLAB |2 CL-VaPUC |9 330763 | |
| 650 | 0 | |a Estadística matemática |9 260028 | |
| 650 | 0 | |a Simulink |9 560036 | |
| 583 | |a last modification |c 20120106 11:45:00 |k Rodrigo Vera | ||
| 490 | 0 | |a BookWare Companion Series | |
| 999 | |c 346419 |d 346417 | ||
| 952 | |0 0 |1 0 |4 0 |6 621_382000000000000_PRO_2004 |7 0 |8 A |9 447103 |a BIBING |b BIBING |d 2019-11-22 |i 4832396 |o 621.382 PRO 2004 |p 4832396 |r 2025-01-20 |w 2019-11-22 |y BK |k EIE | ||
| 952 | |0 0 |1 0 |4 0 |6 621_382000000000000_PRO_2004 |7 0 |8 A |9 447104 |a BIBING |b BIBING |d 2019-11-22 |i 4891007 |l 1 |o 621.382 PRO 2004 |p 4891007 |q 2020-09-30 |r 2020-07-28 |s 2020-07-28 |w 2019-11-22 |y BK |k EIE | ||
| 952 | |0 0 |1 0 |4 0 |6 621_382000000000000_PRO_2004 |7 0 |8 A |9 447105 |a BIBING |b BIBING |d 2019-11-22 |i 4891015 |o 621.382 PRO 2004 |p 4891015 |r 2025-01-20 |w 2019-11-22 |y BK |k EIE | ||